000 00396cam a22001217a 4500
008 180718b1979 xxu||||| |||| 00| 0 eng d
082 _aXA37x54 In2
245 _aSlum clearance and improvement: papers of the seminar
260 _aNew Delhi
_bIndian Institute Of Public Administration
_c1979
300 _axii, 151p
650 _aHousing --India --Congresses
650 _aSlums --India --Congresses
999 _c412266
_d412266